The Brooke review second stage consultation (Record no. 103404)

MARC details
000 -LEADER
fixed length control field 01290cam a2200229 4500
001 - CONTROL NUMBER
control field J125482
008 - FIXED-LENGTH DATA ELEMENTS--GENERAL INFORMATION
fixed length control field 040318n2004 000 0 eng u
035 ## - SYSTEM CONTROL NUMBER
System control number (Sirsi) u125482
041 ## - LANGUAGE CODE
Language code of text/sound track or separate title eng
050 ## - LIBRARY OF CONGRESS CALL NUMBER
Classification number 333.0062
-- 18
110 ## - MAIN ENTRY--CORPORATE NAME
Corporate name or jurisdiction name as entry element Royal Institution of Chartered Surveyors
Subordinate unit Governance and Corporate Management
9 (RLIN) 4171
245 #4 - TITLE STATEMENT
Title The Brooke review second stage consultation
Remainder of title reviewing how RICS works for you - a consultation with the whole RICS membership March 2004
260 ## - PUBLICATION, DISTRIBUTION, ETC.
Place of publication, distribution, etc. [S.I.]
Name of publisher, distributor, etc. RICS
Date of publication, distribution, etc. 2004
490 ## - SERIES STATEMENT
Series statement RICS Brooke Review
520 ## - SUMMARY, ETC.
Summary, etc. The Brooke Review Committee was set up to recommend improvements in communications between RICS and its members, to encourage greater involvement in RICS affairs and to make the procedures for considering members' opinions and complaints more effective. This second stage consultation document sets out initial findings and proposals, seeking members' views on the following issues: how RICS is organised; membership communication and services; governance and finance; and value for money. Responses are required by 10 May 2004.
650 ## - SUBJECT ADDED ENTRY--TOPICAL TERM
Topical term or geographic name entry element RICS BROOKE REVIEW
650 ## - SUBJECT ADDED ENTRY--TOPICAL TERM
Topical term or geographic name entry element CONSULTATION PROCESS
650 ## - SUBJECT ADDED ENTRY--TOPICAL TERM
Topical term or geographic name entry element RICS MEMBERSHIP
690 ## - LOCAL SUBJECT ADDED ENTRY--TOPICAL TERM (OCLC, RLIN)
Topical term or geographic name as entry element RICS NEWS
710 ## - ADDED ENTRY--CORPORATE NAME
Corporate name or jurisdiction name as entry element Royal Institution of Chartered Surveyors
9 (RLIN) 4900
942 ## - ADDED ENTRY ELEMENTS (KOHA)
Suppress in OPAC 0
Holdings
Withdrawn status Lost status Source of classification or shelving scheme Damaged status Not for loan Home library Current library Shelving location Date acquired Total Checkouts Full call number Barcode Date last seen Copy number Price effective from Koha item type
    Dewey Decimal Classification     Archives Archives Online 19/03/2004   L125482 125482-3001 06/08/2019 1 06/08/2019 Book